Vista normal
Vista MARC
Entrada Nombre corporativo
Número de registros utilizados en: 2
001 - NÚMERO DE CONTROL
- campo de control: 68158
003 - IDENTIFICADOR DEL NÚMERO DE CONTROL
- campo de control: OSt
005 - FECHA Y HORA DE LA ÚLTIMA TRANSACCIÓN
- campo de control: 20220322103914.0
008 - DATOS DE LONGITUD FIJA
- campo de control de longitud fija: 200615|| aca||aabn | a|a d
040 ## - FUENTE DE LA CATALOGACIÓN
- Centro catalogador/agencia de origen: OSt
- Centro/agencia transcriptor: OSt
110 2# - ENCABEZAMIENTO-NOMBRE DE ENTIDAD CORPORATIVA
- Nombre de entidad corporativa o nombre de jurisdicción como elemento de entrada: Centro Cultural Cariforo
410 2# - TRAZADO DE VÉASE--NOMBRE DE ENTIDAD CORPORATIVA
- Nombre de entidad corporativa o nombre de jurisdicción como elemento de entrada: Centro Cultural Cariforo de la República Dominicana
670 ## - FUENTE DE DATOS ENCONTRADOS
- Cita de la fuente: Work cat.: (OSt)40961: Chassériau, Théodore 68156, Oeuvres sur papier = Obras sobre papel /, 2004.
670 ## - FUENTE DE DATOS ENCONTRADOS
- Cita de la fuente: La Vida urbana en la región del Caribe, 2000:
670 ## - FUENTE DE DATOS ENCONTRADOS
- Cita de la fuente: Cariforum, agosto 2000:
- Información encontrada: p. 1 (Centro Cultural Cariforo de la República Dominicana; Centro Cultural Cariforo)
